000 00635nam a22002537a 4500
003 UA-OsUOA
001 22433
007 ta
008 20031219b un ||||| |||| 00| 0 ukr d
100 _aМорен Є.
090 _a130.2
_bМ69
942 _cBK
040 _aUA-OsUOA
_bukr
_cUA-OsUOA
_dUA-OsUOA
245 _aВтрачена парадигма
_bприрода людини
300 _a208 с.
955 _a1
041 _aukr
080 _a130.2
020 _a5-7719-5062-5
260 _aК.
_bКарме-Сінто
_c1995
044 _aUA
650 7 _a1 Філософські науки
_2UDC
999 _c308653
_d308653